000 00669nam a2200253Ia 4500
003 OSt
005 20220918201407.0
006 a|||||r|||| 00| 0
007 ta
008 220917b |||||||| |||| 00| 0 eng d
024 _a93,632
037 _cTextual
040 _aARTS
_cARTS
_beng
041 _2eng
_aeng
082 _aV1N45, J9;L1-;1
100 _aNicholas H G
_998535
245 0 _aUnited Nations as a political institution
250 _a4th
260 _aLondon
_bOxford University Press UK
_c1971
300 _a254p
_ccm.
650 _aHISTORY
942 _hV1N45, J9;L1-;1
_cTEXL
_2CC
999 _c217274
_d217274